• 首页
  • 本馆介绍
  • 公告通知
  • 最新文献
  • 馆藏检索
  • 电子资源
  • 读者导购
  • 参考咨询
  • 我的图书馆
  • 登录
  • 详细信息显示
  • 放入我的书架
  • 预约/预借图书
  • 作者相关作品
  • 分类相关作品
  • 丛书相关作品
  • 出版社相关作品

书目信息

  • 表格格式
  • 工作单格式
  • 卡片格式
题名:
实战 Windows 注册表不求人
    
 
作者: 林东和 编著
分册:  
出版信息: 北京   人民邮电出版社  2002.11
页数: 286页
开本: 23cm
丛书名: 用电脑不求人系列之二十五
单 册:
中图分类: TP316.7
科图分类:
主题词: 软件
电子资源:
ISBN: 7-115-10692-4
000 00659nam0 2200217 450
001 0357364766
005 20060425160826.22
010    @a7-115-10692-4@dCNY28.00
100    @a20031224d2002 km y0chiy0120 ea
101 0  @achi
102    @aCN@b110000
200 1  @a实战 Windows 注册表不求人@Ashi zhan Windows zhu ce biao bu qiu ren@f林东和编著@Flin dong he bian zhu
210    @a北京@c人民邮电出版社@d2002.11
215    @a286页@d23cm
225 2  @a用电脑不求人系列之二十五
410  0 @12001 @a用电脑不求人系列之二十五
606 0  @a软件
690    @aTP316.7@v4
701  0 @a林东和@Alin dong he@4编著
801  0 @aCN@bPFT@c20060425
905    @aBZT@dTP316.7@e11@f6
    
    实战 Windows 注册表不求人/林东和编著.-北京:人民邮电出版社,2002.11
    286页;23cm.-(用电脑不求人系列之二十五)
    
    
    ISBN 7-115-10692-4:CNY28.00
    
●
相关链接 在五车中查询图书 在当当中查询图书 在豆瓣中查询图书


正题名:实战 Windows 注册表不求人     索取号:TP316.7/11         预约/预借

序号 登录号 条形码 馆藏地/架位号 状态 备注
1 0350052   201334190   样本书库/样007架A面1层3列/ [索取号:TP316.7/11] 在馆    
2 0350053   201334216   中心书库中库/ 中库027架B面7列1层5/ [索取号:TP316.7/11] 在馆    
3 0350054   201334270   中心书库中库/ 中库027架B面7列1层3/ [索取号:TP316.7/11] 在馆    
4 0441864   201283627   中心书库中库/ 中库027架B面7列1层2/ [索取号:TP316.7/11] 在馆    
5 0441865   201283654   中心书库中库/ 中库027架B面7列1层4/ [索取号:TP316.7/11] 在馆    
6 0441866   201283645   中心书库中库/ 中库027架B面7列1层6/ [索取号:TP316.7/11] 在馆    
山东省滨州职业学院图书馆 欢迎您!
大连网信软件有限公司© 版权所有